[Event "CYCC U14"]
[Site "Calgary CAN"]
[Date "2023.07.19"]
[Round "2.97"]
[White "Huang, Nico"]
[Black "Chen, Lucas"]
[Result "1-0"]
[WhiteElo "1233"]
[BlackElo "804"]
[PlyCount "123"]
[EventDate "2023.07.19"]
[EventType "swiss"]
[EventRounds "7"]
[EventCountry "CAN"]

1. e4 e6 2. d4 b6 3. Nf3 Bb7 4. Nc3 Bb4 5. Bd3 Nf6 6. Bg5 Be7 7. O-O O-O 8. Qd2
d5 9. e5 Ne4 10. Bxe4 dxe4 11. Bxe7 Qxe7 12. Ng5 Qb4 13. Rab1 Nc6 14. Rfd1 Rad8
15. Ne2 Qxd2 16. Rxd2 Nxe5 17. Ng3 Nc6 18. c3 e5 19. d5 Ne7 20. c4 Rd7 21.
N5xe4 f5 22. Ng5 h6 23. Ne6 Rf6 24. Rbd1 Kf7 25. Re1 Nxd5 26. cxd5 Bxd5 27.
Nxc7 Rxc7 28. Rxd5 Rc2 29. Rdxe5 Rxb2 30. Re7+ Kg6 31. Rxa7 Rf7 32. Rxf7 Kxf7
33. Nxf5 Rxa2 34. Rb1 Re2 35. g3 Re6 36. Ne3 g5 37. Nc4 Kg6 38. Rxb6 Rxb6 39.
Nxb6 Kh5 40. Kg2 g4 41. h3 Kg5 42. hxg4 Kxg4 43. f3+ Kf5 44. Kh3 Kg5 45. Nd5 h5
46. f4+ Kg6 47. Kh4 Kh6 48. Ne7 Kg7 49. Kxh5 Kf6 50. Kh6 Kxe7 51. g4 Kf6 52.
g5+ Kf7 53. Kh7 Kf8 54. g6 Ke7 55. g7 Kf7 56. g8=Q+ Kf6 57. Qd5 Ke7 58. Kg6 Ke8
59. Qb7 Kd8 60. Kf6 Ke8 61. Ke6 Kd8 62. Qd7# 1-0

[Event "CYCC U14"]
[Site "Calgary CAN"]
[Date "2023.07.19"]
[Round "2.98"]
[White "Hsu, Ryder"]
[Black "Ahlawat, Jaiho"]
[Result "0-1"]
[WhiteElo "713"]
[BlackElo "1215"]
[PlyCount "90"]
[EventDate "2023.07.19"]
[EventType "swiss"]
[EventRounds "7"]
[EventCountry "CAN"]

1. d4 d5 2. c4 e6 3. Nc3 a6 4. cxd5 exd5 5. Nf3 Nf6 6. Bg5 Bb4 7. e3 Bf5 8. Qb3
Bxc3+ 9. bxc3 b5 10. Bxf6 gxf6 11. a4 c6 12. axb5 Qb6 13. Be2 Ra7 14. Qa4 Bd7
15. bxa6 c5 16. dxc5 Qxc5 17. Qb4 Qc7 18. O-O Nc6 19. Qf4 Qxf4 20. exf4 O-O 21.
Nd4 Nxd4 22. cxd4 Rfa8 23. g3 Bc8 24. Bf3 Bxa6 25. Rfc1 Bc4 26. Rab1 Ra2 27.
Rxc4 dxc4 28. Bxa8 Rxa8 29. Rc1 Rc8 30. Kf1 Kf8 31. Ke2 Ke7 32. Kd2 Kd6 33. Kc3
Re8 34. Kxc4 Rc8+ 35. Kd3 Rxc1 36. Ke3 Kd5 37. Kf3 Kxd4 38. h4 f5 39. Kg2 h5
40. Kf3 Rc3+ 41. Kg2 Ke4 42. Kh3 Kf3 43. Kh2 Kxf2 44. Kh1 Rxg3 45. Kh2 Rg1 0-1

[Event "CYCC U14"]
[Site "Calgary CAN"]
[Date "2023.07.19"]
[Round "2.99"]
[White "Zhu, Glyn"]
[Black "Zhuang, Charlie"]
[Result "1-0"]
[WhiteElo "1213"]
[BlackElo "740"]
[PlyCount "67"]
[EventDate "2023.07.19"]
[EventType "swiss"]
[EventRounds "7"]
[EventCountry "CAN"]

1. d4 Nf6 2. c4 e6 3. Nc3 c6 4. Bg5 d5 5. e3 h6 6. Bh4 Nbd7 7. Nf3 Nb6 8. cxd5
cxd5 9. Bd3 Be7 10. O-O Bd7 11. Ne5 Rc8 12. Nxd7 Nfxd7 13. Bg3 Bh4 14. Qf3 e5
15. dxe5 Nxe5 16. Bxe5 Qg5 17. Bb5+ Kf8 18. Bg3 a6 19. Bd3 Nc4 20. Bxc4 Rxc4
21. Bxh4 Rxh4 22. Qxd5 Qe7 23. Rad1 g6 24. Qd8+ Qe8 25. Qxh4 Kg7 26. Qd4+ Kh7
27. Nd5 Qc6 28. Nf6+ Kg7 29. Nh5+ Kf8 30. Qxh8+ Ke7 31. Qd8+ Ke6 32. Ng7+ Ke5
33. f4+ Ke4 34. Qd4# 1-0

[Event "CYCC U14"]
[Site "Calgary CAN"]
[Date "2023.07.19"]
[Round "2.100"]
[White "Zhu, Leon"]
[Black "Hirji, Kahil"]
[Result "0-1"]
[WhiteElo "653"]
[BlackElo "1180"]
[PlyCount "90"]
[EventDate "2023.07.19"]
[EventType "swiss"]
[EventRounds "7"]
[EventCountry "CAN"]

1. e4 c6 2. d4 d5 3. e5 c5 4. Nc3 Nc6 5. Nf3 Bg4 6. Bb5 Qb6 7. Bxc6+ bxc6 8.
Ne2 e6 9. b3 Nh6 10. Bb2 Nf5 11. Qd3 Be7 12. c3 O-O 13. h3 Bxf3 14. gxf3 cxd4
15. cxd4 Rac8 16. Rg1 c5 17. Ng3 c4 18. Qc2 Nxd4 19. Bxd4 Qxd4 20. Rd1 Qxe5+
21. Kf1 cxb3 22. Qxb3 Bh4 23. Qd3 Rc3 24. Qe2 Qxe2+ 25. Nxe2 Rxf3 26. Rd4 Bxf2
27. Rf4 Rxf4 28. Nxf4 Bxg1 29. Kxg1 Rc8 30. Nd3 Rc2 31. Nb4 Rb2 32. a3 Rb3 33.
Nc2 Rxh3 34. Kg2 Rc3 35. Nb4 Rxa3 36. Nc6 Ra4 37. Kf3 d4 38. Ke4 f5+ 39. Kd3 f4
40. Ne5 h5 41. Nf3 Ra3+ 42. Ke4 Rxf3 43. Kxf3 a5 44. Ke2 a4 45. Kd2 a3 0-1

[Event "CYCC U14"]
[Site "Calgary CAN"]
[Date "2023.07.19"]
[Round "2.101"]
[White "Swertz, Ben"]
[Black "Yen, Rafael"]
[Result "0-1"]
[WhiteElo "1160"]
[BlackElo "701"]
[PlyCount "118"]
[EventDate "2023.07.19"]
[EventType "swiss"]
[EventRounds "7"]
[EventCountry "CAN"]

1. e4 d5 2. exd5 Qxd5 3. Nc3 Qd6 4. Nf3 e6 5. d4 Nf6 6. Bd3 h6 7. O-O c6 8. Be3
Nbd7 9. Qd2 Be7 10. Bf4 Qb4 11. a3 Qb6 12. Rfe1 Nd5 13. Nxd5 cxd5 14. c3 O-O
15. Bc2 Nf6 16. Be5 Bd7 17. a4 Rfc8 18. Qd3 Ne4 19. Nd2 f5 20. f3 Nxd2 21. Qxd2
Bd6 22. Bxd6 Qxd6 23. g3 a6 24. f4 g6 25. Qe3 b5 26. axb5 axb5 27. Bd3 Re8 28.
Ra3 Rab8 29. Rea1 b4 30. cxb4 Qxb4 31. Rb1 Ra8 32. Rxa8 Rxa8 33. Bc2 Ra2 34.
Qb3 Qxd4+ 35. Kh1 Ra8 36. Qb7 Qa7 37. Qxa7 Rxa7 38. b4 Rb7 39. Kg2 Kf7 40. Kf3
Kf6 41. Bd3 Bb5 42. Bxb5 Rxb5 43. Rb3 g5 44. Ke3 e5 45. fxe5+ Kxe5 46. h3 f4+
47. gxf4+ gxf4+ 48. Kf3 d4 49. Ke2 Ke4 50. h4 h5 51. Ke1 d3 52. Kf2 f3 53. Kf1
Ke3 54. Ke1 f2+ 55. Kf1 Kd2 56. Kxf2 Kc2 57. Ra3 Rxb4 58. Ke1 d2+ 59. Kf2 d1=Q
0-1

[Event "CYCC U14"]
[Site "Calgary CAN"]
[Date "2023.07.19"]
[Round "2.102"]
[White "Chenier, Felix"]
[Black "Singh, Harshpreet"]
[Result "0-1"]
[WhiteElo "1080"]
[BlackElo "649"]
[PlyCount "56"]
[EventDate "2023.07.19"]
[EventType "swiss"]
[EventRounds "7"]
[EventCountry "CAN"]

1. d4 e6 2. Nc3 f5 3. e3 b6 4. Nf3 Bb4 5. a3 Bxc3+ 6. bxc3 Bb7 7. Ne5 Nf6 8.
Nc4 O-O 9. f3 d5 10. Ne5 Nbd7 11. Bb5 Nxe5 12. dxe5 Nd7 13. Bxd7 Qxd7 14. a4 a5
15. Ba3 Rf7 16. c4 Qxa4 17. cxd5 Bxd5 18. g4 fxg4 19. f4 Bxh1 20. Qxg4 Qc6 21.
e4 Qc3+ 22. Ke2 Qxa1 23. f5 Qxa3 24. fxe6 Bf3+ 25. Qxf3 Qxf3+ 26. Kd2 Rd8+ 27.
Kc1 Qa3+ 28. Kb1 Rd1# 0-1

[Event "CYCC U14"]
[Site "Calgary CAN"]
[Date "2023.07.19"]
[Round "2.103"]
[White "Odrcich, Eric"]
[Black "Huang, Jonas"]
[Result "0-1"]
[WhiteElo "640"]
[BlackElo "1080"]
[PlyCount "82"]
[EventDate "2023.07.19"]
[EventType "swiss"]
[EventRounds "7"]
[EventCountry "CAN"]

1. e4 e6 2. Nf3 d5 3. exd5 exd5 4. d4 c5 5. Nc3 Nf6 6. Be2 Nc6 7. O-O Be6 8.
Bf4 Qb6 9. Nb5 cxd4 10. Nfxd4 Nxd4 11. Qxd4 Qxd4 12. Nxd4 Bc5 13. Nb5 O-O 14.
Nc7 Rac8 15. Nxe6 fxe6 16. Rfd1 Ne4 17. Be5 Nxf2 18. Bd4 Nxd1 19. Rxd1 Bxd4+
20. Rxd4 Rxc2 21. Bg4 Kh8 22. h3 Rf6 23. Rd1 Rxb2 24. Re1 g6 25. Bf3 Rxa2 26.
Kh2 Rxf3 27. Kh1 Rff2 28. Rg1 d4 29. h4 d3 30. h5 Ra4 31. Kh2 d2 32. hxg6 hxg6
33. Rh1 Rd4 34. Kg3+ Kg7 35. Kxf2 d1=Q 36. Rh3 Qd2+ 37. Kf1 Re4 38. Kg1 Re2 39.
Rg3 Re1+ 40. Kh2 Qf4 41. Kh3 Rh1# 0-1

[Event "CYCC U14"]
[Site "Calgary CAN"]
[Date "2023.07.20"]
[Round "3.66"]
[White "Zou, Alex"]
[Black "Soberov, Emil"]
[Result "0-1"]
[WhiteElo "1742"]
[BlackElo "2280"]
[PlyCount "76"]
[EventDate "2023.07.19"]
[EventType "swiss"]
[EventRounds "7"]
[EventCountry "CAN"]

1. c4 Nf6 2. Nf3 b6 3. Nc3 Bb7 4. d3 Bxf3 5. exf3 c5 6. Ne4 e6 7. Bf4 Nxe4 8.
fxe4 Nc6 9. g3 g5 10. Bd2 Bg7 11. Rb1 h5 12. h4 g4 13. Bg2 Qc7 14. Bf4 Be5 15.
Qd2 O-O-O 16. Bxe5 Qxe5 17. Qf4 Nb4 18. Ke2 Qd4 19. Qe3 Qd6 20. e5 Qc7 21. a3
Nc2 22. Qf4 d6 23. exd6 Rxd6 24. Rhd1 Rhd8 25. b4 e5 26. Qc1 Nd4+ 27. Kf1 f5
28. Qe3 Re6 29. Bd5 Re7 30. Rb2 f4 31. Qd2 fxg3 32. fxg3 e4 33. Bxe4 Qxg3 34.
Qf2 Qc7 35. Qe3 Rf8+ 36. Rf2 Rxf2+ 37. Kxf2 Qh2+ 38. Ke1 Nc2+ 0-1

[Event "CYCC U14"]
[Site "Calgary CAN"]
[Date "2023.07.20"]
[Round "3.67"]
[White "Wu, Jonathan"]
[Black "Darvekar, Yash"]
[Result "1-0"]
[WhiteElo "2075"]
[BlackElo "1886"]
[PlyCount "121"]
[EventDate "2023.07.19"]
[EventType "swiss"]
[EventRounds "7"]
[EventCountry "CAN"]

1. e4 c5 2. Nc3 d6 3. d4 cxd4 4. Qxd4 Nc6 5. Qd2 g6 6. b3 Bh6 7. f4 Nf6 8. Bb2
O-O 9. O-O-O e5 10. g3 Re8 11. Kb1 Nd4 12. Qf2 Bg4 13. Re1 Rc8 14. h3 Bd7 15.
Nf3 Bg7 16. g4 Qa5 17. Bc4 b5 18. fxe5 dxe5 19. Bxf7+ Kxf7 20. Nxd4 Rxc3 21.
Bxc3 Qxc3 22. Ne2 Qc6 23. g5 Kg8 24. gxf6 Bxf6 25. Nc3 Qxc3 26. Qxf6 Rf8 27.
Qd6 Bxh3 28. Rc1 Bg2 29. Qd5+ Kg7 30. Rhd1 Rf7 31. Rd3 Qc7 32. Rg3 Rd7 33. Qxb5
Bxe4 34. Re3 Rd5 35. Qb4 Bf5 36. Rc3 Qf7 37. Re1 h5 38. Qb8 e4 39. Qf4 Rd7 40.
a4 Qe7 41. Rg3 Qf6 42. Reg1 h4 43. Rg5 h3 44. Rh5 Qd4 45. Qh6+ Kf7 46. Qh7+ Kf6
47. Rxf5+ gxf5 48. Qg6+ Ke5 49. Rf1 Qd1+ 50. Rxd1 Rxd1+ 51. Kb2 Rh1 52. Qg3+
Kf6 53. b4 h2 54. Qg2 Re1 55. Qxh2 Rf1 56. b5 f4 57. Qh8+ Kf7 58. Qh7+ Kf6 59.
Qxe4 f3 60. Qd4+ Kg5 61. Qd3 1-0

[Event "CYCC U14"]
[Site "Calgary CAN"]
[Date "2023.07.20"]
[Round "3.68"]
[White "Russell, Wesley"]
[Black "Joseph, Jonath"]
[Result "0-1"]
[WhiteElo "1723"]
[BlackElo "2057"]
[PlyCount "90"]
[EventDate "2023.07.19"]
[EventType "swiss"]
[EventRounds "7"]
[EventCountry "CAN"]

1. e4 e5 2. Nc3 Nf6 3. g3 Bc5 4. Bg2 Nc6 5. Nf3 d6 6. d3 h6 7. Na4 Bb6 8. Nxb6
axb6 9. O-O O-O 10. h3 Re8 11. Nd2 d5 12. f4 exf4 13. gxf4 dxe4 14. dxe4 Qd4+
15. Kh2 Be6 16. a3 Rad8 17. Qf3 Qc5 18. c3 Nd7 19. b4 Qe7 20. f5 Nde5 21. Qe2
Bc8 22. f6 Qd6 23. Kh1 Qd3 24. Qh5 Qxc3 25. Ra2 Be6 26. Nb1 Qg3 27. Raf2 Bc4
28. Bf4 Qg6 29. Qxg6 Nxg6 30. Rc1 Nxf4 31. Rxf4 Ne5 32. Rf5 g6 33. Rxe5 Rxe5
34. Rxc4 Rd1+ 35. Kh2 Rxb1 36. Rxc7 Rb2 37. Rc8+ Kh7 38. Rc7 Rg5 39. Rxf7+ Kg8
40. Rg7+ Kf8 41. Kh1 Rbxg2 42. h4 Rg1+ 43. Kh2 R1g2+ 44. Kh1 Ra2 45. Rc7 Rg3
0-1

[Event "CYCC U14"]
[Site "Calgary CAN"]
[Date "2023.07.20"]
[Round "3.69"]
[White "Singh Dhaliwal, Jaipreet"]
[Black "Ming, Jerry"]
[Result "1-0"]
[WhiteElo "2028"]
[BlackElo "1756"]
[PlyCount "87"]
[EventDate "2023.07.19"]
[EventType "swiss"]
[EventRounds "7"]
[EventCountry "CAN"]

1. e4 c5 2. Nf3 e6 3. d4 cxd4 4. Nxd4 Nc6 5. Nc3 Qc7 6. Qd3 a6 7. Nxc6 bxc6 8.
Qg3 Qxg3 9. hxg3 d5 10. Na4 Rb8 11. exd5 cxd5 12. Bf4 Rb4 13. b3 e5 14. Be3 d4
15. Bd2 Rb8 16. c3 dxc3 17. Bxc3 Bb4 18. Bxb4 Rxb4 19. O-O-O Ne7 20. Nc5 Rb6
21. Kb2 O-O 22. Bc4 Rc6 23. Nd3 Ng6 24. Rhe1 Be6 25. Nb4 Rb6 26. Nd5 Rc6 27. f3
Rb8 28. Ka3 Rc5 29. Ne3 Bxc4 30. Nxc4 f6 31. Rd6 Ra8 32. Red1 Ne7 33. g4 Nc6
34. R1d5 Rxd5 35. Rxd5 Rc8 36. Rc5 Kf8 37. Nb6 Rc7 38. Nd5 Rc8 39. Nb4 Na7 40.
Rxc8+ Nxc8 41. Nxa6 Ke7 42. Kb4 g6 43. Kc5 Kd7 44. a4 1-0

[Event "CYCC U14"]
[Site "Calgary CAN"]
[Date "2023.07.20"]
[Round "3.70"]
[White "Xu, Joey"]
[Black "Lu, Tony"]
[Result "0-1"]
[WhiteElo "1687"]
[BlackElo "2014"]
[PlyCount "75"]
[EventDate "2023.07.19"]
[EventType "swiss"]
[EventRounds "7"]
[EventCountry "CAN"]

1. e4 e6 2. d4 d5 3. Nc3 Bb4 4. e5 c5 5. a3 Bxc3+ 6. bxc3 Ne7 7. Qg4 Qc7 8.
Qxg7 Rg8 9. Qxh7 cxd4 10. Qd3 Qxe5+ 11. Ne2 dxc3 12. Qxc3 Qxc3+ 13. Nxc3 Nbc6
14. Bb2 e5 15. O-O-O Be6 16. f3 f5 17. Ne2 f4 18. g3 fxg3 19. hxg3 O-O-O 20.
Rh6 Bd7 21. g4 Rdf8 22. Bg2 d4 23. c3 e4 24. fxe4 Rf2 25. cxd4 Rxg2 26. Nf4
R2xg4 27. Nh5 Rh4 28. d5 Bg4 29. Bf6 Rxh5 30. Rxh5 Bxh5 31. Rf1 Rf8 32. Rh1
Rxf6 33. Rxh5 Nd8 34. Kd2 Ra6 35. Rh7 Ng6 36. Rh3 Ne5 37. Rc3+ Kd7 38. Ke3 0-1

[Event "CYCC U14"]
[Site "Calgary CAN"]
[Date "2023.07.20"]
[Round "3.71"]
[White "Qian, Eric"]
[Black "Tseng, Bradley"]
[Result "1-0"]
[WhiteElo "1986"]
[BlackElo "1734"]
[PlyCount "77"]
[EventDate "2023.07.19"]
[EventType "swiss"]
[EventRounds "7"]
[EventCountry "CAN"]

1. e4 c5 2. Nf3 g6 3. d4 cxd4 4. Qxd4 Nf6 5. e5 Nc6 6. Qa4 Nd5 7. Qe4 Nb6 8.
Bf4 Bg7 9. Nc3 O-O 10. O-O-O a5 11. h4 f5 12. Qe3 h5 13. Ng5 Re8 14. Ne6 dxe6
15. Rxd8 Rxd8 16. Qxb6 Rd4 17. g3 Rb4 18. Qc7 Rd4 19. Bb5 Bd7 20. Qxb7 Rb8 21.
Bxc6 Rxb7 22. Bxb7 Rb4 23. Bf3 Rb8 24. Rd1 Be8 25. Rd4 Kf7 26. b3 Rc8 27. Kd2
Rc5 28. Rc4 Rxe5 29. Bxe5 Bxe5 30. Rc5 Bd4 31. Rxa5 Bxf2 32. Ne2 Kf6 33. b4 e5
34. Ra6+ e6 35. Bd5 Bd7 36. c4 e4 37. c5 Ke5 38. Bc6 Bc8 39. Ra8 1-0

[Event "CYCC U14"]
[Site "Calgary CAN"]
[Date "2023.07.20"]
[Round "3.72"]
[White "Jiang, Barron Jiyu"]
[Black "Hossain, Azher"]
[Result "1/2-1/2"]
[WhiteElo "1978"]
[BlackElo "1656"]
[PlyCount "48"]
[EventDate "2023.07.19"]
[EventType "swiss"]
[EventRounds "7"]
[EventCountry "CAN"]

1. e4 c6 2. d4 d5 3. exd5 cxd5 4. Bd3 Nc6 5. c3 Nf6 6. h3 g6 7. Nf3 Bf5 8. O-O
Bxd3 9. Qxd3 Bg7 10. Bf4 O-O 11. Nbd2 Rc8 12. Rfe1 a6 13. Nb3 Ne4 14. Nfd2 Nxd2
15. Qxd2 b6 16. Qd3 a5 17. a4 Re8 18. Rad1 Qd7 19. Qb5 Qd8 20. Nc1 e6 21. Nd3
Ne7 22. g4 Rc4 23. Rc1 Rc8 24. Ra1 Nc6 1/2-1/2

[Event "CYCC U14"]
[Site "Calgary CAN"]
[Date "2023.07.20"]
[Round "3.73"]
[White "Zhang, Brian"]
[Black "Leung, Joseph"]
[Result "0-1"]
[WhiteElo "1926"]
[BlackElo "1624"]
[PlyCount "86"]
[EventDate "2023.07.19"]
[EventType "swiss"]
[EventRounds "7"]
[EventCountry "CAN"]

1. e4 c5 2. Nf3 d6 3. d4 cxd4 4. Nxd4 Nf6 5. Nc3 a6 6. h3 e5 7. Nde2 h5 8. g3
b5 9. Bg2 Nbd7 10. O-O Bb7 11. a4 b4 12. Nd5 Nxd5 13. exd5 a5 14. Be3 h4 15. f4
Be7 16. g4 Ba6 17. Re1 Rc8 18. Qd2 Nc5 19. b3 f6 20. Rad1 Kd7 21. Kh1 Qe8 22.
Ng1 Qg6 23. Bxc5 Rxc5 24. Be4 Qf7 25. Nf3 g6 26. f5 g5 27. Kg2 Rhc8 28. Re3 Bd8
29. Nh2 Bb6 30. Nf1 Kd8 31. Rde1 Qa7 32. Nh2 Bb7 33. Rd1 Rxc2 34. Bxc2 Bxe3 35.
Qe2 Bd4 36. Be4 Qc5 37. Qf3 Ba6 38. Nf1 Qc3 39. Bd3 Bxd3 40. Rxd3 Qb2+ 41. Kh1
Rc1 42. Qg2 Qb1 43. Rf3 Rc2 0-1

[Event "CYCC U14"]
[Site "Calgary CAN"]
[Date "2023.07.20"]
[Round "3.74"]
[White "Yang, Larry"]
[Black "Spiian, Rostyslav"]
[Result "1-0"]
[WhiteElo "1899"]
[BlackElo "1282"]
[PlyCount "113"]
[EventDate "2023.07.19"]
[EventType "swiss"]
[EventRounds "7"]
[EventCountry "CAN"]

1. e4 c5 2. Nc3 e6 3. g3 d5 4. exd5 exd5 5. Bg2 Nf6 6. Nge2 g6 7. d4 Be6 8. O-O
Nc6 9. Bg5 cxd4 10. Nxd4 Be7 11. Re1 Qd7 12. Nxe6 fxe6 13. Bh3 Nd8 14. Bxf6
Bxf6 15. Nxd5 Kf7 16. Nxf6 Qxd1 17. Raxd1 Kxf6 18. Rd6 Re8 19. c4 Rc8 20. b3
Rc7 21. Red1 Ke7 22. f4 Rf8 23. R6d4 b6 24. Bg2 Nf7 25. Re1 h6 26. Bh3 Nd8 27.
Rde4 Rc6 28. Re5 Rf6 29. f5 Nf7 30. Rxe6+ Rcxe6 31. fxe6 Ng5 32. Bg2 Rxe6 33.
Kf1 Rxe1+ 34. Kxe1 Kd6 35. Bd5 Kc5 36. h4 Nh7 37. Be4 Nf8 38. Kd2 Kd4 39. Bd3
g5 40. hxg5 hxg5 41. Bf5 Ke5 42. g4 Kd4 43. Kc2 a6 44. Kb2 a5 45. Kc2 a4 46.
bxa4 Kxc4 47. a3 Kd4 48. Kb3 Kd5 49. Kb4 Kc6 50. Kc4 Kc7 51. Kb5 Kb7 52. a5 Kb8
53. axb6 Ka8 54. Ka6 Kb8 55. b7 Kc7 56. Ka7 Ne6 57. Bxe6 1-0

[Event "CYCC U14"]
[Site "Calgary CAN"]
[Date "2023.07.20"]
[Round "3.75"]
[White "Wang, Dennis"]
[Black "Wang, Andy"]
[Result "0-1"]
[WhiteElo "1358"]
[BlackElo "1960"]
[PlyCount "86"]
[EventDate "2023.07.19"]
[EventType "swiss"]
[EventRounds "7"]
[EventCountry "CAN"]

1. d4 d5 2. Bf4 Nf6 3. Nf3 e6 4. e3 c5 5. c3 Nc6 6. Nbd2 Bd6 7. Bxd6 Qxd6 8.
Bd3 c4 9. Bc2 b5 10. a3 a5 11. O-O O-O 12. e4 Qe7 13. e5 Nd7 14. h4 h6 15. b3
cxb3 16. Nxb3 a4 17. Qd3 g6 18. Nbd2 Ba6 19. Qe3 Kg7 20. Rfc1 Na5 21. g3 Nb6
22. h5 Nac4 23. Nxc4 Nxc4 24. Qf4 g5 25. Qg4 f5 26. exf6+ Qxf6 27. Kg2 Bc8 28.
Bd1 Ra7 29. Rc2 Raf7 30. Ne5 Ne3+ 31. Kg1 Nxg4 32. Nxf7 Ne3 33. fxe3 Qxf7 34.
Bg4 e5 35. Bxc8 Rxc8 36. Rf1 Qxh5 37. dxe5 Qg4 38. Kg2 Qe4+ 39. Kg1 Qxc2 40.
Rf6 Rxc3 41. Rxh6 Kxh6 42. e6 Rxa3 43. e7 Ra1# 0-1

[Event "CYCC U14"]
[Site "Calgary CAN"]
[Date "2023.07.20"]
[Round "3.76"]
[White "Tan, Shuwen"]
[Black "Alpuri, Aaqil"]
[Result "1-0"]
[WhiteElo "1415"]
[BlackElo "1704"]
[PlyCount "91"]
[EventDate "2023.07.19"]
[EventType "swiss"]
[EventRounds "7"]
[EventCountry "CAN"]

1. e4 c5 2. Nf3 Nc6 3. d4 cxd4 4. Nxd4 Nf6 5. Nc3 d6 6. f3 e6 7. Be3 a6 8. Qd2
Qc7 9. O-O-O Be7 10. g4 b5 11. g5 Nd7 12. f4 Bb7 13. Bg2 Rc8 14. f5 Nxd4 15.
Bxd4 e5 16. Be3 b4 17. Nd5 Bxd5 18. exd5 f6 19. h4 Nc5 20. Kb1 Qb7 21. b3 a5
22. Rc1 Kd7 23. Qe2 Bd8 24. Qh5 Ke7 25. gxf6+ gxf6 26. Qh6 Ke8 27. Bf3 Be7 28.
Bh5+ Kd7 29. Bxc5 dxc5 30. Bf7 Kd6 31. Be6 Ra8 32. Rhg1 a4 33. Rg7 Qa7 34. Qe3
axb3 35. Qxb3 Qb6 36. c3 Ra3 37. Qb2 Rb8 38. Rxh7 Qa6 39. cxb4 Qd3+ 40. Ka1 c4
41. b5 Kc5 42. Rxe7 Rxb5 43. Rc7+ Kd6 44. Rc6+ Ke7 45. Qxb5 Qd4+ 46. Qb2 1-0

[Event "CYCC U14"]
[Site "Calgary CAN"]
[Date "2023.07.20"]
[Round "3.77"]
[White "Dupuis, Denis"]
[Black "Tran, Tri"]
[Result "1-0"]
[WhiteElo "1065"]
[BlackElo "1675"]
[PlyCount "55"]
[EventDate "2023.07.19"]
[EventType "swiss"]
[EventRounds "7"]
[EventCountry "CAN"]

1. e4 c5 2. Nc3 d6 3. f4 g6 4. Nf3 Bg7 5. Bc4 Nc6 6. O-O e6 7. d3 Nge7 8. Qe1
O-O 9. Qh4 d5 10. Bb3 f5 11. Bd2 Rb8 12. a3 b5 13. Rae1 c4 14. Ba2 b4 15. axb4
Nxb4 16. Bb1 cxd3 17. cxd3 Ba6 18. exd5 Nexd5 19. Qh3 Qb6+ 20. Kh1 Nxd3 21.
Bxd3 Bxd3 22. Ng5 h6 23. Rxe6 Bxf1 24. Nxd5 Qxb2 25. Ne7+ Kh8 26. Nxg6+ Kg8 27.
Ne7+ Kh8 28. Rxh6+ 1-0

[Event "CYCC U14"]
[Site "Calgary CAN"]
[Date "2023.07.20"]
[Round "3.80"]
[White "Ahlawat, Jaiho"]
[Black "Aljo, Johan"]
[Result "0-1"]
[WhiteElo "1215"]
[BlackElo "2124"]
[PlyCount "106"]
[EventDate "2023.07.19"]
[EventType "swiss"]
[EventRounds "7"]
[EventCountry "CAN"]

1. e4 c6 2. d4 d5 3. exd5 cxd5 4. Bd3 Nc6 5. Nf3 Bg4 6. c3 e6 7. h3 Bh5 8. O-O
Bd6 9. Nbd2 Nf6 10. Re1 O-O 11. Nf1 Qc7 12. Bg5 Bg6 13. Bxf6 gxf6 14. Ne3 f5
15. g4 fxg4 16. Nxg4 Bf4 17. Nfe5 f5 18. Nxc6 Qxc6 19. Ne5 Bxe5 20. Rxe5 Kh8
21. Qf3 Rg8 22. Kh2 Qb6 23. Rb1 Bf7 24. Qf4 Rg6 25. Be2 Rag8 26. Bf3 h6 27. Bh5
Rg2+ 28. Kh1 R8g5 29. Bxf7 Qxb2 30. Ree1 Qxc3 31. Qe3 Qxe3 32. Rxe3 Rxf2 33.
Rg1 Rxg1+ 34. Kxg1 Rxa2 35. Bxe6 Rd2 36. Bxf5 Rxd4 37. Rd3 Rxd3 38. Bxd3 Kg7
39. Kf2 Kf6 40. Kg3 Ke5 41. Kh4 a5 42. Bb5 Kd6 43. Bd3 a4 44. Kh5 a3 45. Bb1 d4
46. Kg4 Kc5 47. Kf3 Kb4 48. Ba2 Kc3 49. Ke2 Kb2 50. Bc4 a2 51. Bxa2 Kxa2 52.
Kd3 b5 53. Kxd4 b4 0-1

[Event "CYCC U14"]
[Site "Calgary CAN"]
[Date "2023.07.20"]
[Round "3.81"]
[White "Hirji, Kahil"]
[Black "Wu, Nolan"]
[Result "0-1"]
[WhiteElo "1180"]
[BlackElo "1983"]
[PlyCount "72"]
[EventDate "2023.07.19"]
[EventType "swiss"]
[EventRounds "7"]
[EventCountry "CAN"]

1. d4 Nf6 2. Bf4 g6 3. Nc3 d5 4. e3 Bg7 5. Bd3 a6 6. Nf3 c5 7. dxc5 Nc6 8. Ne2
Nh5 9. c3 e5 10. Bg3 e4 11. Bxe4 dxe4 12. Qxd8+ Nxd8 13. Nd2 f5 14. Bh4 Ne6 15.
Nb3 h6 16. Bg3 O-O 17. O-O-O Nf6 18. Nf4 Nxf4 19. Bxf4 Be6 20. Nd4 Bf7 21. h3
Rac8 22. Rhg1 h5 23. f3 Rfe8 24. g4 fxg4 25. fxg4 hxg4 26. hxg4 Rxc5 27. Kc2
Nd5 28. Nb3 Rcc8 29. Rd2 b5 30. Rgd1 Nb4+ 31. Kb1 Nd3 32. Nc1 Bc4 33. b3 Nxc1
34. Rxc1 Bd3+ 35. Kb2 Rxc3 36. Rxc3 b4 0-1

[Event "CYCC U14"]
[Site "Calgary CAN"]
[Date "2023.07.20"]
[Round "3.82"]
[White "Sundara Rajan, Inbhavenkat"]
[Black "Huang, Nico"]
[Result "1-0"]
[WhiteElo "1758"]
[BlackElo "1233"]
[PlyCount "147"]
[EventDate "2023.07.19"]
[EventType "swiss"]
[EventRounds "7"]
[EventCountry "CAN"]

1. e4 e5 2. Nf3 Nc6 3. Bb5 Nf6 4. O-O d6 5. Re1 Be7 6. h3 O-O 7. c3 a6 8. Ba4
b5 9. Bc2 Bb7 10. d4 Re8 11. a3 a5 12. Bd3 Na7 13. b4 a4 14. Bg5 h6 15. Bh4 Bf8
16. Nbd2 c5 17. d5 c4 18. Bc2 Be7 19. Nh2 Nh7 20. Bxe7 Qxe7 21. Re3 Nc8 22. Qe2
Qc7 23. Rf1 Ne7 24. f4 Ng6 25. g3 exf4 26. gxf4 Qb6 27. f5 Ne5 28. Kh1 Re7 29.
Rg3 Nf6 30. Rfg1 Ne8 31. Ng4 Nxg4 32. Qxg4 f6 33. Nf3 Qe3 34. Nd4 Qg5 35. Nxb5
Qxg4 36. Rxg4 Ba6 37. Nd4 Nc7 38. Nc6 Rf7 39. R4g3 Bb5 40. Nd4 Re7 41. Ne6 Nxe6
42. dxe6 Rd8 43. Rd1 Rb7 44. Rg2 Kf8 45. Kh2 Be8 46. Rd5 Bb5 47. Bd1 Bc6 48.
Rd4 Bb5 49. Be2 Rc7 50. Kg1 Ke8 51. Kf2 Kf8 52. Ke3 Ke8 53. Rd5 Rb7 54. Kd4 Bc6
55. Ra5 Kf8 56. Bxc4 Rc8 57. Bd5 Rb5 58. Ra7 Rxd5+ 59. exd5 Bb5 60. Rc2 Rc4+
61. Ke3 Rh4 62. Rh2 Bc4 63. Rd7 Bxd5 64. Rxd6 Re4+ 65. Kd3 Re5 66. Kd4 Be4 67.
Re2 Bxf5 68. Rxe5 fxe5+ 69. Kxe5 Bxh3 70. b5 g5 71. b6 g4 72. b7 g3 73. Rd7
Bxe6 74. b8=R# 1-0

[Event "CYCC U14"]
[Site "Calgary CAN"]
[Date "2023.07.20"]
[Round "3.83"]
[White "Koo, Minjun"]
[Black "Zhu, Glyn"]
[Result "1-0"]
[WhiteElo "1661"]
[BlackElo "1213"]
[PlyCount "103"]
[EventDate "2023.07.19"]
[EventType "swiss"]
[EventRounds "7"]
[EventCountry "CAN"]

1. d4 d5 2. Nc3 e6 3. Bf4 Nf6 4. Nb5 Bb4+ 5. c3 Ba5 6. a4 a6 7. b4 Bb6 8. a5
axb5 9. axb6 Rxa1 10. Qxa1 cxb6 11. Bxb8 O-O 12. Bg3 Ne4 13. e3 Bd7 14. Bd3
Nxg3 15. hxg3 f5 16. Nf3 Qc7 17. O-O Be8 18. Ne5 Qe7 19. Qb2 Bc6 20. Qe2 Rc8
21. Ra1 g6 22. Ra7 Qd6 23. Bxb5 Qb8 24. Ra3 Qd6 25. Bxc6 bxc6 26. Ra7 Rc7 27.
Qa2 c5 28. Rxc7 Qxc7 29. Qa8+ Kg7 30. Qc6 Qa7 31. Qd7+ Qxd7 32. Nxd7 Kf7 33.
dxc5 bxc5 34. Nxc5 Ke7 35. b5 Kd6 36. b6 Kc6 37. b7 Kc7 38. Kf1 e5 39. Ke2 e4
40. Kd2 h6 41. Kc2 g5 42. Kb3 h5 43. Kb4 h4 44. gxh4 f4 45. hxg5 d4 46. cxd4
fxe3 47. fxe3 Kb8 48. Kb5 Ka7 49. Kc6 Kb8 50. Nd7+ Ka7 51. b8=Q+ Ka6 52. Qb6#
1-0

[Event "CYCC U14"]
[Site "Calgary CAN"]
[Date "2023.07.20"]
[Round "3.84"]
[White "Tian, Justin"]
[Black "Ossine, Nicholas"]
[Result "0-1"]
[WhiteElo "1132"]
[BlackElo "1593"]
[PlyCount "76"]
[EventDate "2023.07.19"]
[EventType "swiss"]
[EventRounds "7"]
[EventCountry "CAN"]

1. e4 c6 2. d4 d5 3. exd5 cxd5 4. Nc3 Nc6 5. Bf4 a6 6. Nf3 Bg4 7. h3 Bh5 8. g4
Bg6 9. Ne5 e6 10. Bd3 Qb6 11. Bxg6 hxg6 12. Ne2 Qxb2 13. Rb1 Qxa2 14. Rxb7 Nxe5
15. Bxe5 Nf6 16. Nf4 Nd7 17. O-O Nxe5 18. dxe5 Bc5 19. Qd3 Qc4 20. Qf3 O-O 21.
Kg2 Rab8 22. Rc7 Qb5 23. Qc3 Bb6 24. Rc6 Bd4 25. Qxd4 Qxc6 26. Qd3 Rb4 27. Kg3
Rc4 28. f3 Rxc2 29. h4 Qc4 30. Qd1 Rc8 31. Qa1 Rc1 32. Rxc1 Qxc1 33. Qxa6 Qg1+
34. Kh3 Rc2 35. Ne2 Qf1+ 36. Kg3 Qxe2 37. Qa8+ Kh7 38. Qf8 Qh2# 0-1